[Event "Madrid-chT 1617"]
[Site "Madrid"]
[Date "2017.03.19"]
[Round "14.44"]
[White "Elguezabal Varela, Daniel"]
[Black "Plazuelo Pascual, Juan"]
[Result "1/2-1/2"]
[WhiteElo "2345"]
[BlackElo "2307"]
[PlyCount "39"]
[EventDate "2016.11.20"]
[EventType "team-tourn"]
[EventRounds "14"]
[EventCountry "ESP"]
[SourceTitle "EXT 2018"]
[Source "ChessBase"]
[SourceDate "2017.10.13"]
[SourceVersion "1"]
[SourceVersionDate "2017.10.13"]
[SourceQuality "1"]
[WhiteTeam "La Casa del Ajedrez"]
[BlackTeam "Virgen de Atocha"]
[WhiteTeamCountry "ESP"]
[BlackTeamCountry "ESP"]

1. d4 e6 2. c4 Nf6 3. Nf3 d5 4. g3 Bb4+ 5. Bd2 Be7 6. Bg2 c6 7. Qb3 Nbd7 8. Bb4 c5 9. dxc5 0-0 10. Nc3 Nxc5 11. Bxc5 Bxc5 12. cxd5 Nxd5 13. Nxd5 Qxd5 14. Qxd5 exd5 15. 0-0 Be6 16. Rfd1 Rac8 17. Ne5 Bd6 18. Nd3 Rc2 19. Rac1 Rfc8 20. Bf3 1/2-1/2

[Event "Madrid-chT 1617"]
[Site "Madrid"]
[Date "2017.02.26"]
[Round "11.34"]
[White "Elguezabal Varela, Daniel"]
[Black "Ruperez Benito, Antonio"]
[Result "1/2-1/2"]
[WhiteElo "2345"]
[BlackElo "2313"]
[PlyCount "63"]
[EventDate "2016.11.20"]
[EventType "team-tourn"]
[EventRounds "14"]
[EventCountry "ESP"]
[SourceTitle "EXT 2018"]
[Source "ChessBase"]
[SourceDate "2017.10.13"]
[SourceVersion "1"]
[SourceVersionDate "2017.10.13"]
[SourceQuality "1"]
[WhiteTeam "La Casa del Ajedrez"]
[BlackTeam "64 Villalba"]
[WhiteTeamCountry "ESP"]
[BlackTeamCountry "ESP"]

1. d4 e6 2. c4 d5 3. Nf3 Nf6 4. g3 dxc4 5. Qa4+ c6 6. Qxc4 b5 7. Qc2 Bb7 8. Bg2 Nbd7 9. a4 c5 10. 0-0 Rc8 11. dxc5 Bxc5 12. Qb3 Bd5 13. Qd1 bxa4 14. Qxa4 Ne4 15. Nc3 Nxc3 16. bxc3 Bc6 17. Qf4 Nf6 18. Ba3 Bxa3 19. Rxa3 Qe7 20. Rfa1 0-0 21. Rxa7 Qc5 22. R7a3 Rfd8 23. Ne5 Bxg2 24. Kxg2 Qd5+ 25. f3 Rc7 26. Nd3 Rc4 27. Qe5 h6 28. Qxd5 Nxd5 29. Ra8 Rxa8 30. Rxa8+ Kh7 31. Ra7 f6 32. e4 1/2-1/2

[Event "Madrid-chT 1617"]
[Site "Madrid"]
[Date "2016.12.17"]
[Round "4.13"]
[White "Elguezabal Varela, Daniel"]
[Black "Garrido Dominguez, Jesus"]
[Result "0-1"]
[WhiteElo "2345"]
[BlackElo "2395"]
[PlyCount "74"]
[EventDate "2016.11.20"]
[EventType "team-tourn"]
[EventRounds "14"]
[EventCountry "ESP"]
[SourceTitle "EXT 2018"]
[Source "ChessBase"]
[SourceDate "2017.10.13"]
[SourceVersion "1"]
[SourceVersionDate "2017.10.13"]
[SourceQuality "1"]
[WhiteTeam "La Casa del Ajedrez"]
[BlackTeam "64 Villalba"]
[WhiteTeamCountry "ESP"]
[BlackTeamCountry "ESP"]

1. d4 Nf6 2. Nf3 g6 3. g3 Bg7 4. c4 d6 5. Bg2 0-0 6. 0-0 c6 7. Nc3 Qa5 8. e4 Qa6 9. b3 Bg4 10. Be3 Nfd7 11. h3 Bxf3 12. Bxf3 Qa5 13. Qd2 c5 14. Rac1 Nc6 15. dxc5 Nde5 16. Be2 dxc5 17. Nb1 Qxd2 18. Nxd2 Rfd8 19. Nf3 Nxf3+ 20. Bxf3 Bd4 21. Bf4 a5 22. e5 a4 23. Bxc6 bxc6 24. Rb1 axb3 25. axb3 Ra2 26. b4 cxb4 27. Rxb4 Rc2 28. Rb7 Re8 29. Rd7 Rxc4 30. Rb1 Bc5 31. Rb2 Kg7 32. Kg2 h6 33. h4 Ra8 34. Rc7 Bb4 35. Rb7 Ra4 36. Rb8 Bc3 37. Rc2 Bd4 0-1

[Event "Madrid-chT 1516"]
[Site "Madrid"]
[Date "2016.02.21"]
[Round "11.33"]
[White "Elguezabal Varela, Daniel"]
[Black "Sanchez Gonzalez, Sergio"]
[Result "0-1"]
[WhiteElo "2363"]
[BlackElo "2300"]
[PlyCount "132"]
[EventDate "2015.11.22"]
[EventType "team-tourn"]
[EventRounds "14"]
[EventCountry "ESP"]
[SourceTitle "EXT 2017"]
[Source "ChessBase"]
[SourceDate "2016.10.25"]
[SourceVersion "1"]
[SourceVersionDate "2016.10.25"]
[SourceQuality "1"]
[WhiteTeam "La Casa del Ajedrez"]
[BlackTeam "Liberty Chess"]
[WhiteTeamCountry "ESP"]
[BlackTeamCountry "ESP"]

1. d4 Nf6 2. Nf3 e6 3. c4 d5 4. Nc3 Bb4 5. cxd5 exd5 6. Bg5 h6 7. Bh4 g5 8. Bg3 Ne4 9. Nd2 Nxg3 10. hxg3 c5 11. e3 cxd4 12. exd4 Qe7+ 13. Be2 Bxc3 14. bxc3 Bg4 15. Rb1 Nc6 16. Nf3 Bf5 17. Rb5 0-0-0 18. 0-0 h5 19. Bd3 Be6 20. Qd2 h4 21. Qxg5 hxg3 22. Qxe7 Nxe7 23. a4 Bf5 24. Bxf5+ Nxf5 25. Ne5 Rh5 26. fxg3 Nxg3 27. Rf3 Rh1+ 28. Kf2 Ne4+ 29. Ke3 f6 30. Nd3 Re8 31. Kf4 Rh4+ 32. g4 f5 33. Ne5 fxg4 34. Nxg4 Rg8 35. Rxd5 Rhxg4+ 36. Ke3 Re8 37. Kd3 Rg3 38. Rxg3 Nxg3 39. a5 Ne4 40. c4 Kc7 41. Rh5 Nf6 42. Rg5 Nd7 43. Kc3 a6 44. Rg7 Re3+ 45. Kb4 Re4 46. Kc3 Rf4 47. Rh7 Kc6 48. Rh6+ Rf6 49. Rh8 Rf3+ 50. Kb4 Rf2 51. Rh6+ Rf6 52. Rh8 Nf8 53. Rg8 Rf7 54. Rh8 Kc7 55. Rh6 Re7 56. Rf6 Nd7 57. Rh6 Rg7 58. Rh4 Nb8 59. d5 Nd7 60. Rh6 Rg4 61. Re6 Rf4 62. Kc3 Rh4 63. Kb4 Rf4 64. Kc3 Nc5 65. Rh6 Ne4+ 66. Kd4 Nd6+ 0-1

[Event "Madrid-chT 1516"]
[Site "Madrid"]
[Date "2016.01.23"]
[Round "7.33"]
[White "Elguezabal Varela, Daniel"]
[Black "Moreno Ruiz, Javier"]
[Result "1/2-1/2"]
[WhiteElo "2363"]
[BlackElo "2435"]
[PlyCount "116"]
[EventDate "2015.11.22"]
[EventType "team-tourn"]
[EventRounds "14"]
[EventCountry "ESP"]
[SourceTitle "EXT 2017"]
[Source "ChessBase"]
[SourceDate "2016.10.25"]
[SourceVersion "1"]
[SourceVersionDate "2016.10.25"]
[SourceQuality "1"]
[WhiteTeam "La Casa del Ajedrez"]
[BlackTeam "Collado Villalba"]
[WhiteTeamCountry "ESP"]
[BlackTeamCountry "ESP"]

1. d4 Nf6 2. Nf3 g6 3. g3 Bg7 4. Bg2 0-0 5. 0-0 d6 6. c4 c6 7. Nc3 Qa5 8. e4 e5 9. h3 Nbd7 10. Re1 exd4 11. Nxd4 Ne5 12. Bf1 Re8 13. Be3 Be6 14. Nxe6 Rxe6 15. Kg2 a6 16. c5 dxc5 17. f4 Rd8 18. Qc2 Ned7 19. Rad1 Rde8 20. Bc4 R6e7 21. e5 Nb6 22. Bf1 Nfd5 23. Nxd5 Nxd5 24. Bxc5 Rd7 25. b4 Qd8 26. Qb3 g5 27. Bc4 gxf4 28. Bxd5 Rxd5 29. gxf4 Rd2+ 30. Bf2 Re6 31. Qf3 Qd5 32. Qxd5 Rxd5 33. Rxd5 cxd5 34. Bg3 Rc6 35. Re2 f5 36. Rd2 Bf8 37. Rxd5 Bxb4 38. Rd8+ Bf8 39. Bh4 Kf7 40. Rd7+ Ke6 41. Rxb7 Rc2+ 42. Kf1 Rc4 43. Bg3 Rc3 44. Rb3 Rxb3 45. axb3 Kd5 46. Bh4 Bh6 47. Bg3 Bf8 48. Ke2 Be7 49. Kd3 Bd8 50. Be1 Be7 51. Bf2 Bd8 52. b4 Be7 53. Bc5 Bh4 54. Bf8 Bg3 55. Ke3 Be1 56. Be7 Ke6 57. Bd6 Kd5 58. Bf8 Bg3 1/2-1/2

[Event "Madrid-chT 1516"]
[Site "Madrid"]
[Date "2016.01.10"]
[Round "5.13"]
[White "Elguezabal Varela, Daniel"]
[Black "Jimenez Lopez, Antonio"]
[Result "1/2-1/2"]
[WhiteElo "2363"]
[BlackElo "2142"]
[PlyCount "101"]
[EventDate "2015.11.22"]
[EventType "team-tourn"]
[EventRounds "14"]
[EventCountry "ESP"]
[SourceTitle "EXT 2017"]
[Source "ChessBase"]
[SourceDate "2016.10.25"]
[SourceVersion "1"]
[SourceVersionDate "2016.10.25"]
[SourceQuality "1"]
[WhiteTeam "La Casa del Ajedrez"]
[BlackTeam "San Fernando de Henares"]
[WhiteTeamCountry "ESP"]
[BlackTeamCountry "ESP"]

1. d4 Nf6 2. Nf3 g6 3. g3 Bg7 4. Bg2 d6 5. 0-0 0-0 6. Nc3 Nbd7 7. e4 e5 8. h3 Re8 9. Re1 a6 10. a4 Rb8 11. a5 h6 12. Be3 exd4 13. Nxd4 Ne5 14. b3 c5 15. Nde2 Bxh3 16. Bxh3 Nf3+ 17. Kh1 Nxe1 18. Qxe1 Nxe4 19. Rd1 Nxc3 20. Nxc3 Qxa5 21. Nd5 Qxe1+ 22. Rxe1 b5 23. Rd1 a5 24. Bd7 Red8 25. Ne7+ Kf8 26. Nc6 a4 27. bxa4 bxa4 28. Nxb8 a3 29. Bf4 a2 30. Bxd6+ Kg8 31. Bc7 Rf8 32. Kg2 a1Q 33. Rxa1 Bxa1 34. Kf3 Kg7 35. Ke4 Bd4 36. f3 h5 37. Nc6 Bf2 38. Be5+ f6 39. Bd6 Ra8 40. Be6 Ra3 41. Bb3 Ra1 42. Nd8 Re1+ 43. Kd5 g5 44. Ne6+ Kg6 45. Nxc5 Re3 46. Ne4 Rxf3 47. Nxf2 Rxf2 48. c4 h4 49. gxh4 gxh4 50. c5 h3 51. c6 1/2-1/2

[Event "Madrid-chT 1516"]
[Site "Madrid"]
[Date "2015.11.29"]
[Round "2.12"]
[White "Montanes Arribas, Adrian"]
[Black "Elguezabal Varela, Daniel"]
[Result "1/2-1/2"]
[WhiteElo "2173"]
[BlackElo "2363"]
[PlyCount "84"]
[EventDate "2015.11.22"]
[EventType "team-tourn"]
[EventRounds "14"]
[EventCountry "ESP"]
[SourceTitle "EXT 2017"]
[Source "ChessBase"]
[SourceDate "2016.10.25"]
[SourceVersion "1"]
[SourceVersionDate "2016.10.25"]
[SourceQuality "1"]
[WhiteTeam "Vallecas CDV"]
[BlackTeam "La Casa del Ajedrez"]
[WhiteTeamCountry "ESP"]
[BlackTeamCountry "ESP"]

1. d4 d5 2. c4 dxc4 3. e3 Nf6 4. Bxc4 e6 5. Nf3 c5 6. 0-0 a6 7. Bb3 Be7 8. Nc3 0-0 9. Qe2 Nc6 10. Rd1 Qc7 11. e4 cxd4 12. Nxd4 Nxd4 13. Rxd4 e5 14. Rd1 Bg4 15. f3 Be6 16. Nd5 Bxd5 17. Bxd5 Rad8 18. Be3 Nxd5 19. exd5 Qa5 20. Qd2 Bb4 21. Qd3 Bc5 22. Bxc5 Qxc5+ 23. Kh1 Rd6 24. Rac1 Qb6 25. Qc3 f6 26. Qc7 Rfd8 27. Qxb6 Rxb6 28. Rc2 Rbd6 29. Rcd2 Kf7 30. Kg1 Ke7 31. Kf2 Rc8 32. Ke3 Rb6 33. f4 Kd6 34. fxe5+ fxe5 35. Rf1 Rc7 36. Rf8 Rd7 37. Re8 Re7 38. Rc8 Rb5 39. Ke4 Rb4+ 40. Ke3 Rc7 41. Re8 Re7 42. Rd8+ Rd7 1/2-1/2

[Event "Madrid-chT 1415"]
[Site "Madrid"]
[Date "2015.03.01"]
[Round "12.13"]
[White "Sanchez Gonzalez, Sergio"]
[Black "Elguezabal Varela, Daniel"]
[Result "1/2-1/2"]
[WhiteElo "2298"]
[BlackElo "2356"]
[PlyCount "96"]
[EventDate "2014.11.23"]
[EventType "team-tourn"]
[EventRounds "14"]
[EventCountry "ESP"]
[SourceTitle "EXT 2016"]
[Source "ChessBase"]
[SourceDate "2015.10.08"]
[SourceVersion "1"]
[SourceVersionDate "2015.10.08"]
[SourceQuality "1"]
[WhiteTeam "Liberty Chess"]
[BlackTeam "Casa del Ajedrez"]
[WhiteTeamCountry "ESP"]
[BlackTeamCountry "ESP"]

1. Nf3 c5 2. c4 Nc6 3. d4 cxd4 4. Nxd4 Nf6 5. Nc3 e6 6. Ndb5 d5 7. Bf4 e5 8. cxd5 exf4 9. dxc6 bxc6 10. Qxd8+ Kxd8 11. Rd1+ Ke7 12. Nd4 Bd7 13. g3 fxg3 14. hxg3 Rb8 15. Bg2 Rxb2 16. Bxc6 Ke8 17. Bxd7+ Kxd7 18. Rh4 Kc7 19. Ndb5+ Kb7 20. Rd8 Rg8 21. Rc4 a6 22. Nd6+ Bxd6 23. Rxd6 Rb6 24. Rxb6+ Kxb6 25. e4 Kb7 26. Ke2 Rc8 27. Rxc8 Kxc8 28. e5 Nd7 29. f4 Kc7 30. Ne4 Kc6 31. Ke3 h6 32. Kd4 g6 33. Nd6 f6 34. Nf7 h5 35. exf6 Nxf6 36. Ne5+ Kd6 37. Nxg6 Ke6 38. Nh4 Nd7 39. Ng2 Kd6 40. f5 Ke7 41. Ne3 Kf6 42. a4 a5 43. Kc4 Ke5 44. Kb5 Ke4 45. Nf1 Kxf5 46. Kxa5 Nc5 47. Kb5 Nxa4 48. Kxa4 h4 1/2-1/2

[Event "Madrid-chT 1112 Promociones"]
[Site "Madrid"]
[Date "2012.03.25"]
[Round "2.24"]
[White "Dominguez Alcon, Victor"]
[Black "Elguezabal Varela, Daniel"]
[Result "0-1"]
[WhiteElo "2116"]
[BlackElo "2352"]
[PlyCount "102"]
[EventDate "2012.03.18"]
[EventType "team"]
[EventRounds "2"]
[EventCountry "ESP"]
[SourceTitle "EXT 2014"]
[Source "ChessBase"]
[SourceDate "2013.11.20"]
[SourceVersion "1"]
[SourceVersionDate "2013.11.20"]
[SourceQuality "1"]
[WhiteTeam "Mostoles"]
[BlackTeam "La Casa del Ajedrez"]
[WhiteTeamCountry "ESP"]
[BlackTeamCountry "ESP"]

1. e4 c5 2. Nf3 Nc6 3. d4 cxd4 4. Nxd4 e5 5. Nb5 a6 6. Nd6+ Bxd6 7. Qxd6 Qf6 8. Qd2 Qg6 9. Nc3 Nge7 10. f3 0-0 11. b3 Rd8 12. Ba3 d6 13. Bd3 Qf6 14. 0-0 Be6 15. f4 exf4 16. Rxf4 Qd4+ 17. Kh1 Ng6 18. Rff1 Rac8 19. Ne2 Qe5 20. c4 b5 21. Bb2 Qc5 22. Rac1 Qb6 23. Nf4 Nxf4 24. Qxf4 Ne5 25. Qg5 bxc4 26. Bxe5 dxe5 27. Bxc4 Bxc4 28. bxc4 f6 29. Qg4 Qc6 30. Rf3 Qxc4 31. Rfc3 Qxc3 32. Rxc3 Rxc3 33. h4 Rc6 34. h5 h6 35. Qf5 Kh8 36. Qg4 Rc4 37. Qe2 Rdd4 38. Qb2 Rxe4 39. Qb8+ Kh7 40. Qe8 Rg4 41. Qe6 a5 42. Qf5+ Kh8 43. Qe6 a4 44. Kh2 Rh4+ 45. Kg3 Rcg4+ 46. Kf3 e4+ 47. Kf2 Rg5 48. Ke3 Kh7 49. Qe8 a3 50. Qe6 f5 51. Qe5 f4+ 0-1

[Event "Madrid-chT"]
[Site "Madrid"]
[Date "2012.03.04"]
[Round "13.43"]
[White "Renteria Becerra, Jorge Elicer"]
[Black "Elguezabal Varela, Daniel"]
[Result "1/2-1/2"]
[WhiteElo "2328"]
[BlackElo "2352"]
[PlyCount "51"]
[EventDate "2011.11.13"]
[EventType "team-tourn"]
[EventRounds "14"]
[EventCountry "ESP"]
[SourceTitle "EXT 2013"]
[Source "ChessBase"]
[SourceDate "2012.11.22"]
[SourceVersion "1"]
[SourceVersionDate "2012.11.22"]
[SourceQuality "1"]
[WhiteTeam "Villalba"]
[BlackTeam "La Casa del Ajedrez"]
[WhiteTeamCountry "ESP"]
[BlackTeamCountry "ESP"]

1. d4 d5 2. c4 c6 3. Nf3 Nf6 4. e3 Bf5 5. Nc3 e6 6. Qb3 Qb6 7. Qxb6 axb6 8. Nh4 Bg6 9. Nxg6 hxg6 10. Bd2 Nbd7 11. Bd3 dxc4 12. Bxc4 b5 13. Bd3 Be7 14. Ke2 0-0 15. f4 Nb6 16. h4 Rfd8 17. Ne4 Nc4 18. Bc1 Nxe4 19. Bxe4 Bb4 20. a3 Bd6 21. Rb1 b4 22. Bd3 Na5 23. Bd2 bxa3 24. bxa3 Bxa3 25. Bxa5 Rxa5 26. Rxb7 1/2-1/2

[Event "Madrid-chT"]
[Site "Madrid"]
[Date "2011.12.04"]
[Round "4.44"]
[White "Solaesa Navalpotro, Luis Julio"]
[Black "Elguezabal Varela, Daniel"]
[Result "0-1"]
[WhiteElo "2270"]
[BlackElo "2352"]
[PlyCount "86"]
[EventDate "2011.11.13"]
[EventType "team-tourn"]
[EventRounds "14"]
[EventCountry "ESP"]
[SourceTitle "EXT 2013"]
[Source "ChessBase"]
[SourceDate "2012.11.22"]
[SourceVersion "1"]
[SourceVersionDate "2012.11.22"]
[SourceQuality "1"]
[WhiteTeam "Moratalaz"]
[BlackTeam "La Casa del Ajedrez"]
[WhiteTeamCountry "ESP"]
[BlackTeamCountry "ESP"]

1. d4 d5 2. Nf3 Nf6 3. c4 c6 4. e3 Bf5 5. Nc3 e6 6. Nh4 Bg6 7. Nxg6 hxg6 8. g3 Nbd7 9. Qe2 Be7 10. Bg2 dxc4 11. Qxc4 e5 12. 0-0 exd4 13. exd4 Nb6 14. Qd3 0-0 15. Rd1 Qd7 16. Qc2 Rad8 17. a4 Nbd5 18. Bg5 Qc7 19. Qb3 a6 20. Rac1 Nxc3 21. bxc3 Nd5 22. Bd2 Bf6 23. c4 Ne7 24. Bf4 Qd7 25. d5 cxd5 26. cxd5 Rc8 27. d6 Nc6 28. Qb6 g5 29. Be3 Bd8 30. Qc5 Bf6 31. Qd5 Rfe8 32. Qd2 g4 33. Bb6 Bd8 34. Be3 Bf6 35. Bb6 Bd8 36. Be3 Bf6 37. Bb6 Re5 38. Qd3 Re6 39. Bd5 Ree8 40. Bc7 Nd4 41. Rc4 Nc6 42. Bxc6 bxc6 43. Rdc1 Rxc7 0-1

[Event "Madrid-chT 1011"]
[Site "Madrid"]
[Date "2011.03.06"]
[Round "12.24"]
[White "Taboas Rodriguez, Daniel"]
[Black "Elguezabal Varela, Daniel"]
[Result "1-0"]
[WhiteElo "2366"]
[BlackElo "2357"]
[PlyCount "41"]
[EventDate "2010.11.21"]
[EventType "team-tourn"]
[EventRounds "14"]
[EventCountry "ESP"]
[SourceTitle "EXT 2012"]
[Source "ChessBase"]
[SourceDate "2011.11.24"]
[SourceVersion "1"]
[SourceVersionDate "2011.11.24"]
[SourceQuality "1"]
[WhiteTeam "Leganes"]
[BlackTeam "La Casa del Ajedrez"]
[WhiteTeamCountry "ESP"]
[BlackTeamCountry "ESP"]

1. d4 f5 2. Bg5 g6 3. Nd2 Bg7 4. e4 fxe4 5. Nxe4 d5 6. Nc5 b6 7. Nb3 Nh6 8. Nf3 Nf7 9. Bf4 0-0 10. Be2 c5 11. dxc5 bxc5 12. c4 d4 13. Nfd2 Qb6 14. Bf3 Nc6 15. 0-0 Be5 16. Bxe5 Nfxe5 17. Bd5+ Kg7 18. Ne4 Nd7 19. Qe2 Rf5 20. f4 Ba6 21. Be6 1-0

[Event "Madrid-chT 1011"]
[Site "Madrid"]
[Date "2011.02.20"]
[Round "11.44"]
[White "Elguezabal Varela, Daniel"]
[Black "Garcia Cuenca, Victor Manuel"]
[Result "1/2-1/2"]
[WhiteElo "2357"]
[BlackElo "2329"]
[PlyCount "194"]
[EventDate "2010.11.21"]
[EventType "team-tourn"]
[EventRounds "14"]
[EventCountry "ESP"]
[SourceTitle "EXT 2012"]
[Source "ChessBase"]
[SourceDate "2011.11.24"]
[SourceVersion "1"]
[SourceVersionDate "2011.11.24"]
[SourceQuality "1"]
[WhiteTeam "La Casa del Ajedrez"]
[BlackTeam "Amigos del Retiro"]
[WhiteTeamCountry "ESP"]
[BlackTeamCountry "ESP"]

1. Nf3 d6 2. d4 g6 3. c4 Bg7 4. g3 Nd7 5. Bg2 e5 6. 0-0 Ne7 7. Nc3 0-0 8. e4 exd4 9. Nxd4 Nc6 10. Nde2 Nc5 11. Be3 a5 12. Qd2 Ne5 13. b3 Bh3 14. Bh6 Re8 15. Bxg7 Kxg7 16. Nd4 Bxg2 17. Kxg2 a4 18. Rab1 axb3 19. axb3 Nc6 20. Rfe1 Nxd4 21. Qxd4+ Kg8 22. Nd5 Nd7 23. b4 c6 24. Nc3 Qf6 25. Qxf6 Nxf6 26. Rb3 g5 27. f3 g4 28. f4 Re6 29. c5 dxc5 30. bxc5 Nd7 31. Rxb7 Nxc5 32. Rbb1 Ra3 33. Re3 Nxe4 34. Rxe4 Rxc3 35. Rxe6 fxe6 36. Rb7 Rc2+ 37. Kg1 c5 38. Re7 c4 39. Rxe6 Kf7 40. Rc6 c3 41. f5 h5 42. Kf1 Rxh2 43. Rxc3 Kf6 44. Rc5 Rd2 45. Ra5 Rd3 46. Kg2 Re3 47. Rb5 Rf3 48. Ra5 Rxf5 49. Ra4 Re5 50. Rb4 Rd5 51. Re4 Kf5 52. Rf4+ Ke5 53. Rf8 Rd2+ 54. Kg1 Ke4 55. Rf7 Ke3 56. Rf8 Rd5 57. Kg2 Re5 58. Rf7 Ke2 59. Rf8 Ke1 60. Rf7 Re2+ 61. Kg1 Kd2 62. Rf8 Re3 63. Kg2 Ke2 64. Rf7 Re5 65. Rf8 Ke3 66. Rf7 Ke4 67. Rf8 Kd5 68. Rf6 Re2+ 69. Kg1 Ke5 70. Rf8 Ra2 71. Rf7 Ra5 72. Kg2 Ke6 73. Rf8 Rf5 74. Re8+ Kf7 75. Re2 Kg6 76. Re1 Kg5 77. Re8 Ra5 78. Rf8 Ra2+ 79. Kg1 Ra5 80. Kg2 Ra2+ 81. Kg1 Ra6 82. Kg2 Rg6 83. Ra8 Rf6 84. Ra5+ Rf5 85. Ra8 Rb5 86. Rf8 Ra5 87. Kg1 Rb5 88. Kg2 Ra5 89. Kg1 Ra2 90. Kh1 Rb2 91. Kg1 Re2 92. Kh1 Rc2 93. Kg1 Re2 94. Kh1 Rc2 95. Kg1 Rd2 96. Kh1 Rc2 97. Kg1 Rd2 1/2-1/2

[Event "Madrid-chT 1011"]
[Site "Madrid"]
[Date "2011.02.06"]
[Round "9.34"]
[White "Elguezabal Varela, Daniel"]
[Black "Cao Armillas, Jesus"]
[Result "1-0"]
[WhiteElo "2357"]
[BlackElo "2189"]
[PlyCount "79"]
[EventDate "2010.11.21"]
[EventType "team-tourn"]
[EventRounds "14"]
[EventCountry "ESP"]
[SourceTitle "EXT 2012"]
[Source "ChessBase"]
[SourceDate "2011.11.24"]
[SourceVersion "1"]
[SourceVersionDate "2011.11.24"]
[SourceQuality "1"]
[WhiteTeam "La Casa del Ajedrez"]
[BlackTeam "Collado Villalba"]
[WhiteTeamCountry "ESP"]
[BlackTeamCountry "ESP"]

1. d4 Nf6 2. Nf3 d6 3. g3 g6 4. Bg2 Bg7 5. 0-0 0-0 6. c4 Nbd7 7. Nc3 e5 8. e4 c6 9. h3 a5 10. Re1 Re8 11. Qc2 exd4 12. Nxd4 Nc5 13. Bf4 Nfd7 14. Rad1 Ne5 15. Nce2 Qe7 16. Be3 h5 17. f4 Nxc4 18. Qxc4 Nxe4 19. Nc3 d5 20. Qd3 f5 21. Bf2 Bd7 22. h4 Qb4 23. Nxe4 fxe4 24. Qe3 Bg4 25. Rd2 Rad8 26. a3 Qe7 27. Nc2 Bxb2 28. Qb3 Qg7 29. Rxe4 Bf6 30. Rxe8+ Rxe8 31. Bd4 Bxd4+ 32. Nxd4 Re1+ 33. Kh2 Qe7 34. Qd3 Kh7 35. f5 Qe5 36. fxg6+ Kg7 37. Nf3 Bxf3 38. Qxf3 Kxg6 39. Rf2 Qg7 40. Qd3+ 1-0

[Event "Madrid-chT 1011"]
[Site "Madrid"]
[Date "2011.01.30"]
[Round "8.24"]
[White "Sanchez Rojo, Gustavo"]
[Black "Elguezabal Varela, Daniel"]
[Result "0-1"]
[WhiteElo "2201"]
[BlackElo "2357"]
[PlyCount "54"]
[EventDate "2010.11.21"]
[EventType "team-tourn"]
[EventRounds "14"]
[EventCountry "ESP"]
[SourceTitle "EXT 2012"]
[Source "ChessBase"]
[SourceDate "2011.11.24"]
[SourceVersion "1"]
[SourceVersionDate "2011.11.24"]
[SourceQuality "1"]
[WhiteTeam "Moratalaz"]
[BlackTeam "La Casa del Ajedrez"]
[WhiteTeamCountry "ESP"]
[BlackTeamCountry "ESP"]

1. e4 c5 2. Nc3 e6 3. f4 d5 4. Nf3 dxe4 5. Nxe4 Nc6 6. Bb5 Bd7 7. d3 Be7 8. 0-0 Nf6 9. Kh1 0-0 10. Bxc6 Bxc6 11. Qe2 Rc8 12. Ne5 Bd5 13. a4 b6 14. b3 Bxe4 15. dxe4 Qd4 16. c3 Qxe4 17. Qb5 Bd6 18. Nc4 Bc7 19. a5 h5 20. axb6 axb6 21. Ra7 h4 22. Rg1 Ng4 23. h3 Nf2+ 24. Kh2 Bxf4+ 25. Bxf4 Qxf4+ 26. g3 hxg3+ 27. Rxg3 Ne4 0-1

[Event "Madrid-chT 1011"]
[Site "Madrid"]
[Date "2010.12.19"]
[Round "4.23"]
[White "Elguezabal Varela, Daniel"]
[Black "Garcia Cuenca, Victor Manuel"]
[Result "0-1"]
[WhiteElo "2357"]
[BlackElo "2329"]
[PlyCount "138"]
[EventDate "2010.11.21"]
[EventType "team-tourn"]
[EventRounds "14"]
[EventCountry "ESP"]
[SourceTitle "EXT 2012"]
[Source "ChessBase"]
[SourceDate "2011.11.24"]
[SourceVersion "1"]
[SourceVersionDate "2011.11.24"]
[SourceQuality "1"]
[WhiteTeam "La Casa del Ajedrez"]
[BlackTeam "Amigos del Retiro"]
[WhiteTeamCountry "ESP"]
[BlackTeamCountry "ESP"]

1. Nf3 Nf6 2. c4 g6 3. g3 Bg7 4. Bg2 0-0 5. 0-0 c5 6. Nc3 Nc6 7. d4 d6 8. Re1 Bf5 9. d5 Na5 10. Nd2 a6 11. e4 Bg4 12. Qc2 e5 13. a3 b6 14. b4 Nb7 15. bxc5 Nxc5 16. Nb3 Qc8 17. Nxc5 bxc5 18. Rb1 Qc7 19. Bd2 Bd7 20. Rb2 h5 21. Reb1 Rfb8 22. Rb3 Bc8 23. Qb2 Nd7 24. Na4 Rxb3 25. Qxb3 Rb8 26. Qc2 Bf6 27. Rb2 Bd8 28. Bh3 Rxb2 29. Nxb2 h4 30. Qa4 Nf6 31. Bg2 h3 32. Bf3 Qb6 33. Qc2 Bd7 34. Bc3 Nh7 35. Bd1 Bf6 36. f3 Bg5 37. Bd2 Bxd2 38. Qxd2 Kg7 39. Kf2 Ng5 40. Nd3 Qb1 41. Qc2 Qa1 42. Qc1 Qd4+ 43. Ke2 f6 44. Nf2 a5 45. Qc2 Bc8 46. Qd3 Qb2+ 47. Ke3 Qc1+ 48. Ke2 Ba6 49. Bb3 a4 50. Ba2 Qb2+ 51. Qd2 Qxa3 52. Nd3 Kh6 53. Qb2 Qxb2+ 54. Nxb2 a3 55. Na4 f5 56. Ke3 fxe4 57. fxe4 Bc8 58. Nc3 Bg4 59. Nb5 Nf3 60. Nxd6 Nxh2 61. Nf7+ Kg7 62. Nxe5 Nf1+ 63. Kf2 h2 64. Kg2 Be2 65. d6 Kf6 66. d7 Ke7 67. Bb3 g5 68. Ba4 Bxc4 69. Nxc4 a2 0-1

[Event "Madrid-chT Honor"]
[Site "Madrid"]
[Date "2010.02.28"]
[Round "12"]
[White "Elguezabal Varela, Daniel"]
[Black "Garcia Pichon, Eduardo"]
[Result "1-0"]
[WhiteElo "2377"]
[BlackElo "2282"]
[PlyCount "40"]
[EventDate "2009.11.22"]
[EventType "team-tourn"]
[EventRounds "13"]
[EventCountry "ESP"]
[SourceTitle "EXT 2011"]
[Source "ChessBase"]
[SourceDate "2010.11.26"]
[SourceVersion "1"]
[SourceVersionDate "2010.11.26"]
[SourceQuality "1"]

1. Nf3 d5 2. d4 e6 3. c4 c5 4. cxd5 exd5 5. g3 Nc6 6. Bg2 Nf6 7. 0-0 Be7 8. Nc3 0-0 9. Bg5 cxd4 10. Nxd4 h6 11. Bf4 Bg4 12. h3 Be6 13. Nxe6 fxe6 14. e4 d4 15. e5 dxc3 16. exf6 Qxd1 17. Rfxd1 Bxf6 18. bxc3 Rfd8 19. Rab1 Rxd1+ 20. Rxd1 Rd8 1-0

[Event "Madrid-chT Honor"]
[Site "Madrid"]
[Date "2010.01.24"]
[Round "7"]
[White "Rubio Mejia, Luis Ignacio"]
[Black "Elguezabal Varela, Daniel"]
[Result "1/2-1/2"]
[WhiteElo "2350"]
[BlackElo "2377"]
[PlyCount "49"]
[EventDate "2009.11.22"]
[EventType "team-tourn"]
[EventRounds "13"]
[EventCountry "ESP"]
[SourceTitle "EXT 2011"]
[Source "ChessBase"]
[SourceDate "2010.11.26"]
[SourceVersion "1"]
[SourceVersionDate "2010.11.26"]
[SourceQuality "1"]

1. d4 d6 2. Nf3 g6 3. c4 Bg7 4. Nc3 e5 5. e3 Nd7 6. Be2 Ngf6 7. b4 0-0 8. Bb2 Re8 9. a3 c6 10. 0-0 e4 11. Nd2 Nf8 12. b5 h5 13. a4 Bf5 14. a5 c5 15. Nb3 Ne6 16. dxc5 Nxc5 17. Nxc5 dxc5 18. Qxd8 Rexd8 19. Rfd1 Be6 20. Rab1 Rac8 21. h3 h4 22. Ba1 Kf8 23. Rbc1 Kg8 24. Kf1 Bf5 25. Ke1 1/2-1/2